| 000 | 00891nam a22001337a 4500 | ||
|---|---|---|---|
| 040 | _cRUA | ||
| 082 | _aAED TOC 2017 B657 Or. | ||
| 100 | _aTOUCH KIM SRENG ទូច គឹមស្រេង | ||
| 245 | _athe study on economic efficiency of pig farm's cp group in kampongtek commune, domnakchongoer district, kampot province ការសិក្សារអំពីប្រសិទ្ធភាពសេដ្ឋកិច្ចកសិដ្ឋាននៃកសិដ្ឋានចិញ្ចឹមជ្រូករបស់ក្រុមហ៊ុនCP Group នៅឃុំកំពុងកំពង់ទឹក ស្រុកដំណាកចង្អើរ ខេត្តកំពត | ||
| 260 |
_aRUA _bPhnom penh _c2016 |
||
| 300 |
_aix;42p _bill; _c29cm |
||
| 856 | _uhttps://drive.google.com/file/d/1bIupGHYlTreQaD_Q41MpRk17el0bVP7d/view?usp=sharing | ||
| 942 | _cAED | ||
| 999 |
_c18841 _d18841 |
||